[Event "AUTO-MASTER-970"]
[Site "http://www.queenalice.com/game.php?id=690704"]
[Date "2009.11.30"]
[Round "1"]
[White "Papachibe"]
[Black "Bf7"]
[Result "1/2-1/2"]
[WhiteElo "2127"]
[BlackElo "2281"]

1. e4 d5 2. exd5 Qxd5 3. Nc3 Qd6 4. d4 Nf6 5. Nf3 c6 6. Bc4 Bg4 7. Be3 e6 8. h3
Bh5 9. Qe2 Nbd7 10. O-O-O O-O-O 11. a3 Nd5 12. Nxd5 exd5 13. Bb3 Re8 14. g4 Bg6
15. Rhe1 h6 16. Qd2 Qc7 17. Bf4 Bd6 18. Bxd6 Qxd6 19. Rxe8+ Rxe8 20. Re1 Rxe1+
21. Qxe1 Qf4+ 22. Qe3 Qxe3+ 1/2-1/2

[Event "AUTO-MASTER-970"]
[Site "http://www.queenalice.com/game.php?id=690719"]
[Date "2009.11.30"]
[Round "1"]
[White "TheBigSid"]
[Black "Papachibe"]
[Result "1-0"]
[WhiteElo "2215"]
[BlackElo "2151"]

1. d4 c6 2. c4 d5 3. e3 Nf6 4. Nc3 Bf5 5. Nf3 h6 6. Qb3 b6 7. cxd5 cxd5 8. Bb5+
Bd7 9. Nxd5 Bxb5 10. Qxb5+ Qd7 11. Nc7+ Kd8 12. Qxd7+ Nbxd7 13. Nxa8 Kc8 14. a4
Kb7 15. Nxb6 Nxb6 16. Ne5 g5 17. Nxf7 Rh7 18. Nd8+ Kc8 19. Ne6 Nfd7 20. Ke2 Bg7
21. Nxg7 Rxg7 22. Bd2 e6 23. e4 Nf6 24. f3 h5 25. Rac1+ Kd7 26. b3 g4 27. Rhg1
h4 28. Ba5 Nh5 29. Bxb6 axb6 30. b4 1-0

[Event "AUTO-MASTER-970"]
[Site "http://www.queenalice.com/game.php?id=690720"]
[Date "2009.11.30"]
[Round "1"]
[White "Papachibe"]
[Black "TheBigSid"]
[Result "0-1"]
[WhiteElo "2152"]
[BlackElo "2202"]

1. e4 e6 2. d4 d5 3. exd5 exd5 4. Nf3 Bd6 5. Bd3 Nc6 6. O-O Bg4 7. Re1+ Nge7 8.
c3 Qd7 9. Nbd2 O-O-O 10. b4 g5 11. Qa4 Bxf3 12. Nxf3 g4 13. b5 gxf3 14. bxc6
Nxc6 15. g3 h5 16. Bg5 Rde8 17. Rab1 Rxe1+ 18. Rxe1 h4 19. gxh4 Qg4+ 0-1

[Event "AUTO-MASTER-970"]
[Site "http://www.queenalice.com/game.php?id=690729"]
[Date "2009.11.30"]
[Round "1"]
[White "afonso092"]
[Black "Papachibe"]
[Result "1-0"]
[WhiteElo "2078"]
[BlackElo "2070"]

1. e4 c6 2. h3 d5 3. exd5 cxd5 4. d4 Nc6 5. Nf3 Nf6 6. Bd3 e6 7. O-O h6 8. Nc3
Be7 9. Bf4 Nb4 10. Bb5+ Bd7 11. Bxd7+ Qxd7 12. a3 Nc6 13. Ne5 Nxe5 14. Bxe5 O-O
15. Qe2 Rac8 16. Nd1 Qc6 17. c3 Nd7 18. Bf4 Bf6 19. Qg4 Kh7 20. Qh5 g5 21. Bd2
Rg8 22. Ne3 Rg6 23. Qf3 Rf8 24. Ng4 Bg7 25. Rfe1 f5 26. Nh2 Nf6 27. Qe2 Ne4 28.
f3 Ng3 29. Qd3 Qd6 30. Qe3 Re8 31. Nf1 f4 32. Qd3 Nf5 33. Nh2 h5 34. Re2 Ng3 35.
Ree1 Kh6 36. Nf1 Nf5 37. Re2 Re7 38. Rae1 a6 39. Rd1 b5 40. Be1 h4 41. Bf2 Ng3
42. Bxg3 hxg3 43. Rde1 e5 44. dxe5 Rxe5 45. Rxe5 Bxe5 46. Nd2 Re6 47. Nb3 Bd4+
48. Kf1 Rxe1+ 49. Kxe1 Qe6+ 50. Qe2 Be3 51. Kf1 Qf5 52. Qd1 Kg6 53. Na1 Kf6 54.
Nc2 Bf2 55. Nb4 Ke6 56. Nxa6 Kd6 57. Nb4 Qe5 58. Nd3 Qe3 59. Qe2 Qxe2+ 60. Kxe2
Be3 61. Nb4 Kc5 62. b3 d4 63. cxd4+ 1-0

[Event "AUTO-MASTER-970"]
[Site "http://www.queenalice.com/game.php?id=690730"]
[Date "2009.11.30"]
[Round "1"]
[White "Papachibe"]
[Black "afonso092"]
[Result "0-1"]
[WhiteElo "2120"]
[BlackElo "2040"]

1. e4 e5 2. f4 exf4 3. Nf3 d6 4. Bc4 Be6 5. Qe2 Be7 6. d4 Nf6 7. Bxe6 fxe6 8.
Bxf4 O-O 9. Nc3 Nbd7 10. O-O-O Qe8 11. Bd2 Qh5 12. h3 a6 13. g4 Qe8 14. Kb1 Nb6
15. g5 Nfd7 16. h4 Qh5 17. Rdf1 Rf7 18. Be1 Raf8 19. Nh2 Qxe2 20. Nxe2 Nc4 21.
Rxf7 Rxf7 22. Rf1 Rxf1 23. Nxf1 e5 24. d5 Kf7 25. b3 Ncb6 26. Ne3 g6 27. Ng4 Bf8
28. c4 Nc8 29. Kc2 Ne7 30. Bf2 Ng8 31. Be3 b6 32. b4 Bg7 33. Ng3 Ke7 34. h5 gxh5
35. Nxh5 Kf7 36. a4 Kg6 37. Ng3 Bf8 38. Kc3 Be7 39. Kd3 Bxg5 40. Bxg5 Kxg5 41.
Nf2 Ne7 42. Ke3 h5 43. Kf3 h4 44. Nh3+ Kh6 45. Nh1 Nf6 46. N1f2 Kh5 47. Nd3 Nd7
48. Nhf2 Ng6 49. Nh3 Ne7 50. Ndf2 c6 51. Ng4 cxd5 52. cxd5 a5 53. bxa5 bxa5 54.
Nhf2 Nc5 55. Nf6+ Kg5 56. Ne8 Nc8 57. Nc7 Nxa4 58. Nd3 Nab6 59. Nb5 Nc4 60. Ne1
N8b6 61. Nc2 Nd2+ 0-1

[Event "QA-ANNIV-04"]
[Site "http://www.queenalice.com/game.php?id=695064"]
[Date "2009.12.9"]
[Round "7"]
[White "Papachibe"]
[Black "guzanito"]
[Result "0-1"]
[WhiteElo "2097"]
[BlackElo "2281"]

1. e4 e5 2. f4 exf4 3. Nf3 d6 4. d4 g5 5. h3 Bg7 6. Bc4 h6 7. Nc3 Ne7 8. Bd2 f5
9. e5 g4 10. hxg4 fxg4 11. Bxf4 gxf3 12. Qxf3 Bf5 13. O-O-O Nbc6 14. exd6 cxd6
15. Rhe1 Qd7 16. Qh5+ Kd8 17. Nb5 d5 18. Bb3 Bg4 19. Qf7 Bxd1 20. Qxg7 Rg8 0-1

[Event "Challenge"]
[Site "http://www.queenalice.com/game.php?id=697789"]
[Date "2009.12.14"]
[Round "-"]
[White "clik"]
[Black "Papachibe"]
[Result "1-0"]
[WhiteElo "2377"]
[BlackElo "2102"]

1. e4 c6 2. d4 d5 3. Nc3 dxe4 4. Nxe4 Bf5 5. Ng3 Bg6 6. h4 h6 7. Nf3 e6 8. h5
Bh7 9. Bd3 Bxd3 10. Qxd3 Nf6 11. Bd2 Bd6 12. Ne4 Be7 13. Nxf6+ Bxf6 14. O-O-O
Nd7 15. Kb1 Qc7 16. Qe4 O-O-O 17. Bf4 Qb6 18. Bg3 Qb5 19. Qf4 Qb6 20. Rd3 c5 21.
c3 c4 22. Rd2 g5 23. hxg6 fxg6 24. d5 e5 25. Qxc4+ Qc7 26. Qd3 g5 27. Nd4 Qb6
28. Ne6 Rde8 29. f3 Kb8 30. Qg6 Reg8 31. Qf7 1-0

[Event "AUTO-MASTER-985"]
[Site "http://www.queenalice.com/game.php?id=698977"]
[Date "2009.12.16"]
[Round "1"]
[White "Morysek"]
[Black "Papachibe"]
[Result "1-0"]
[WhiteElo "2204"]
[BlackElo "2050"]

1. f4 c5 2. Nf3 Nc6 3. e3 d5 4. Bb5 a6 5. Bxc6+ bxc6 6. O-O Nf6 7. b3 e6 8. Bb2
Be7 9. Ne5 Bd7 10. d3 Qc7 11. Nd2 O-O 12. Rf3 Rad8 13. Rh3 h6 14. Qe1 Be8 15.
Qg3 Kh7 16. Ndf3 d4 17. exd4 cxd4 18. Bxd4 c5 19. Bc3 Nd5 20. Bb2 Bf6 21. Ng5+
Kh8 22. Rb1 Nxf4 23. Qxf4 Qe7 24. Ne4 Bxe5 25. Bxe5 Kh7 26. Bxg7 1-0

[Event "AUTO-MASTER-985"]
[Site "http://www.queenalice.com/game.php?id=698978"]
[Date "2009.12.16"]
[Round "1"]
[White "Papachibe"]
[Black "Morysek"]
[Result "0-1"]
[WhiteElo "1999"]
[BlackElo "2148"]

1. e4 d6 2. d4 Nf6 3. Nc3 g6 4. h3 Bg7 5. Nf3 O-O 6. Bc4 Nxe4 7. Bxf7+ Rxf7 8.
Nxe4 Nc6 9. c3 e5 10. Bg5 Qe8 11. d5 Ne7 12. Bxe7 Qxe7 13. Qe2 Bf5 14. Ng3 Raf8
15. O-O Bxh3 16. gxh3 Rxf3 17. Rad1 Qd7 18. Kg2 R3f4 19. Rd3 Bf6 20. Rf3 Bh4 21.
Rxf4 Rxf4 22. Qe3 a6 23. Ne2 Rf5 24. Ng3 Bxg3 25. fxg3 Rxf1 26. Kxf1 Qf5+ 27.
Qf2 Kf7 28. g4 Qxf2+ 29. Kxf2 Kf6 30. Ke3 Kg5 0-1

[Event "AUTO-MASTER-985"]
[Site "http://www.queenalice.com/game.php?id=698994"]
[Date "2009.12.16"]
[Round "1"]
[White "wiking"]
[Black "Papachibe"]
[Result "1-0"]
[WhiteElo "2085"]
[BlackElo "2120"]

1. b4 e5 2. Bb2 e4 3. c4 Nf6 4. a3 d5 5. cxd5 Nxd5 6. e3 Nc6 7. b5 Nce7 8. Ne2
c6 9. Ng3 Bf5 10. bxc6 bxc6 11. Qc2 Qd7 12. Nxe4 Rb8 13. Bd3 Ng6 14. Nf6+ Nxf6
15. Bxf5 Be7 16. Bxd7+ 1-0

[Event "AUTO-MASTER-985"]
[Site "http://www.queenalice.com/game.php?id=698995"]
[Date "2009.12.16"]
[Round "1"]
[White "Papachibe"]
[Black "Giant"]
[Result "0-1"]
[WhiteElo "2107"]
[BlackElo "2177"]

1. e4 d6 2. d4 Nf6 3. Nc3 g6 4. Nf3 Bg7 5. h3 O-O 6. Bc4 c5 7. dxc5 Qa5 8. cxd6
Nxe4 9. O-O Nxd6 10. Qd5 Bxc3 11. Qxa5 Bxa5 12. Bb3 Nc6 13. Bh6 Re8 14. Ng5 Nd4
15. Bd5 N4f5 0-1

[Event "AUTO-MASTER-985"]
[Site "http://www.queenalice.com/game.php?id=698996"]
[Date "2009.12.16"]
[Round "1"]
[White "Giant"]
[Black "Papachibe"]
[Result "1-0"]
[WhiteElo "2198"]
[BlackElo "2054"]

1. e4 c6 2. d4 d5 3. Nc3 dxe4 4. Nxe4 e6 5. Nf3 Nf6 6. Nxf6+ Qxf6 7. Bd3 h6 8.
O-O Bd6 9. Re1 O-O 10. Qe2 c5 11. Be3 cxd4 12. Bxd4 Qf4 13. h3 h5 14. c4 Nc6 15.
Bc3 Re8 16. Rad1 Bc7 17. g3 Qh6 18. Bd2 Qf6 19. Qe4 g6 20. Bc3 Qe7 21. Nh4 f5
22. Qe3 Qf7 23. f4 Bd7 24. b4 Rad8 25. Kh2 Ne7 26. Bc2 Bc8 27. Rxd8 Rxd8 28. Nf3
Bb6 29. Qe5 Kf8 30. c5 Bxc5 31. bxc5 Rd5 32. Qh8+ Qg8 33. Bg7+ Ke8 34. Ba4+ Kd8
35. Qxg8+ Nxg8 36. Rd1 Rxd1 37. Bxd1 Ne7 38. Bf6 Ke8 39. Ba4+ Bd7 40. Bxd7+ Kxd7
41. Ne5+ Ke8 42. Bxe7 Kxe7 43. Nxg6+ Kd7 44. Ne5+ Kc7 45. Kg2 b6 46. cxb6+ axb6
47. Kf3 Kd6 48. Ke3 Kd5 49. Kd3 1-0

[Event "AUTO-MASTER-806"]
[Site "http://www.queenalice.com/game.php?id=706568"]
[Date "2010.1.1"]
[Round "2"]
[White "Papachibe"]
[Black "R_Mutt"]
[Result "0-1"]
[WhiteElo "2037"]
[BlackElo "2372"]

1. e4 c5 2. Nf3 d6 3. d4 cxd4 4. Nxd4 Nf6 5. Nc3 a6 6. Bg5 e6 7. Qd2 Be7 8.
O-O-O b5 9. a3 Bb7 10. f3 Nbd7 11. g4 Rc8 12. Kb1 Nb6 13. Nb3 Nc4 14. Qd3 Qc7
15. h4 O-O 16. h5 h6 17. Bxf6 Bxf6 18. Ka2 Rfd8 19. Rb1 d5 20. exd5 Nxb2 0-1

[Event "AUTO-MASTER-806"]
[Site "http://www.queenalice.com/game.php?id=706569"]
[Date "2010.1.1"]
[Round "2"]
[White "R_Mutt"]
[Black "Papachibe"]
[Result "1-0"]
[WhiteElo "2383"]
[BlackElo "2080"]

1. e4 c6 2. d4 d5 3. e5 Bf5 4. g4 Bg6 5. Ne2 h6 6. Nf4 Bh7 7. e6 Nf6 8. Bd3 Bxd3
9. Qxd3 g5 10. exf7+ Kxf7 11. Qg6# 1-0